[Event "Mermaid Beach Club"]
[Site "Bermuda"]
[Date "1997.??.??"]
[Round "4"]
[White "Waitzkin, Joshua"]
[Black "Maiwald, Jens Uwe"]
[Result "1-0"]
[WhiteElo "2440"]
[BlackElo "2495"]
[Annotator "Ribli,Z"]
[PlyCount "123"]
[EventDate "1997.01.??"]
[EventType "tourn"]
[EventRounds "11"]
[EventCountry "BER"]
[EventCategory "11"]
[SourceTitle "CBM 058"]
[Source "ChessBase"]
[SourceDate "1997.06.01"]
[SourceVersion "1"]
[SourceVersionDate "1997.06.01"]
[SourceQuality "1"]

1. e4 c5 2. Nf3 Nc6 3. d4 cxd4 4. Nxd4 e6 5. Nc3 a6 6. Be3 Nge7 7. Nb3 {
Das ist ein typischer Zug. Die schwarze Drohung war, mit 7...Nxd4, nebst 7...
Nc6 ins Spiel zu kommen. Mit diesem Springerzug läßt Weiß den schwarzen Aufbau
fraglich erscheinen.Ribli.} Ng6 (7... d6 8. Bd3 Ne5 9. f4 Nxd3+ 10. Qxd3 Nc6
11. O-O Be7 12. Rad1 O-O $11 {Suetin,-Taimanov,M/WchS-Biel/1994/}) 8. f4 (8.
Na4 b5 9. Nb6 Rb8 10. Nxc8 Qxc8 11. f4 {Das ist auch möglich, aber es ist
nicht logisch so viel Zeit zu verlieren, um den unentwickelten schwarzen
Läufer zu tauschen.Ribli.}) 8... d6 9. g3 $14 {[%csl Rg6][%cal Yh2h4,Yh4h5]
Mit diesem Zug bereitet Weiß h2-h4 vor, was unangenehm für den schwarzen Ng6
ist.Ribli.} Be7 (9... b5 10. h4 Be7 11. h5 Nf8 12. Qd2 Bb7 13. O-O-O Rc8 14.
Bh3 Na5 15. Bd4 b4 16. Nd5 $36 {Muir-Lalic/BCF-ch/1989/}) 10. h4 O-O (10... h5
$2 11. Be2 {[%csl Rh5][%cal Re2h5]}) 11. h5 Nh8 12. a4 $1 {[%csl Ya4,Ye4,Yf4,
Yh5] Weiß hat großen Raumvorteil, er kontrolliert das ganze Brett. Für Schwarz
ist es schwer, Gegenspiel zu finden.Ribli.} b6 13. Qd2 Qc7 14. g4 Bd7 (14...
Bb7 $2 15. Qf2 {[%csl Rb6][%cal Re3b6]}) 15. g5 {Weiß rückt ungehindert vor.
Ribli.} Rfe8 16. Qf2 $5 Qb7 $5 (16... Reb8 {Nach 15...Rfe8 das ist nicht
logisch.Ribli.} 17. Bg2 $14) (16... Rab8 17. Bxa6 $16) 17. Bg2 (17. Bxb6 $2 d5
$1 $13 {[#]} 18. e5 (18. Be3 d4 19. Bxd4 Nxd4 20. Qxd4 e5 $1 $44 {[%csl Re4,
Rf4,Rg5]}) 18... d4 $17 {[%cal Yb7h1] Und Weiß hat Schwierigkeiten in der
Diagonalen h1-a8. Ribli.}) 17... b5 {Endlich hat Schwarz diesen typischen
Vorstoß durchgesetzt.Ribli.} 18. axb5 axb5 19. O-O f6 $6 {Dieser Zug gefällt
mir nicht. Schwarz öffnet die Frontlinie am Königsflügel, wo Weiss viel
stärker steht. Es wäre besser, Spiel am Damenflügel anzustreben.Ribli.} (19...
Rxa1 20. Rxa1 Ra8 (20... b4) 21. Rxa8+ Qxa8 22. Nxb5 Qa2 23. Bc1 (23. Qd2 Qxb2
24. Nxd6)) (19... b4) 20. gxf6 Bxf6 21. e5 $1 $14 {[%cal Yg2b7] Nach diesem
typischen Vorstoß bekommt Weiß sehr große Aktivität. Es ist schwer für Schwarz,
den sofortigen Verlust zu vermeiden.Ribli.} Rxa1 $8 (21... dxe5 22. Nc5 Qc8 (
22... Qc7 23. Nxb5 $18) 23. Rxa8 Qxa8 24. Nxd7 $18) 22. Rxa1 dxe5 (22... Be7
23. exd6 Bxd6 24. Ra7 (24. Ne4 $5) 24... Qc8 25. Nxb5 Nxa7 26. Nxd6 $16) 23.
Nc5 Qc8 24. Nxb5 Nf7 25. Rd1 $6 {Der Turm steht ausgezeichnet in der a-Linie.
Ribli.} (25. c3 $5) 25... Rd8 26. c3 {Weiß hat keinen sofortigen Gewinn, aber
dank seiner b- und c-Bauern besitzt er dauerhafte Initiative.Ribli.} Be8 27.
Rf1 exf4 28. Bxf4 e5 29. Be3 Ne7 (29... Nd6 30. Nxd6 Rxd6 31. Ne4 Re6 32. Bh3
$18 {[%cal Rh3c8]}) 30. Na7 Qg4 (30... Qb8 $5 31. Ne4 Nd5 32. Nxf6+ Nxf6 33.
Nc6 Bxc6 34. Bxc6 $14 {Das Läuferpaar garantiert Weiß Vorteil.  Ribli.}) 31.
Ne4 Bh4 (31... Nd5) 32. Qf3 Qxf3 33. Bxf3 Nd5 {Schwarz hat etwas Aktivität
erreicht, aber auf lange Sicht kann er nichts gegen die verbundenen Bauern von
Weiß ausrichten.Ribli.} 34. Bc5 Nf4 35. b4 Nh6 $6 (35... Ng5 $5 36. Nxg5 Bxg5 {
[%cal Yd8d2] Falls Schwarz später zu Rd2 kommt, hat er auch seine Chancen.
Ribli.}) 36. Rd1 $1 Ne6 (36... Rxd1+ 37. Bxd1 Bxh5 38. Bxh5 Nxh5 39. b5 $16 {
[%cal Yb5b6,Yb5b8] Und es scheint, daß Schwarz - wenn es möglich ist - eine
Figur für den gefährlichen bP geben muß.Ribli.}) 37. Bf2 Nf5 38. Rxd8 Bxd8 39.
b5 {[%cal Yb5b8] Dieser entfernte bP ist kaum zu halten.Ribli.} Nf4 40. Bg4 g6
(40... Nh6 41. Bc8 Nxh5 42. Nd6 {[%cal Yb5b8] Und Weiß hat einen klaren Plan:
b6-b7-b8Q.Ribli.}) 41. hxg6 hxg6 42. b6 Nd3 43. b7 Bc7 44. Nf6+ Kf7 45. Nxe8
Kxe8 46. Nb5 Kd7 (46... Bb8 47. Bxf5 (47. Ba7 Bxa7+ 48. Nxa7 $18) 47... gxf5
48. Ba7 Bxa7+ 49. Nxa7 $18) 47. Ba7 (47. Nxc7 $4 Kxc7 $11) 47... Kc6 $8 48.
Nxc7 Kxb7 49. Nb5 {Weiß hat eigentlich eine Gewinnstellung. Die schwarze
Hoffnung liegt in einem Endspiel BB gegen N, was zwar theoretisch gewonnen
aber in einer praktischen Partie sehr schwer ist.Ribli.} Ka6 50. Be2 (50. c4
Nb2 51. Be2 Ng3 $1 52. Kf2 Nxe2 53. Kxe2 Nxc4 $11) 50... e4 51. c4 Ka5 (51...
Ng3 52. Bg4 Ne5 53. Bc8+ Ka5 54. Nd6 $16) 52. Nc3 Ng3 53. c5 Ka6 54. Bb6 Kb7 (
54... Nxe2+ 55. Nxe2 Kb5 56. Nd4+ Kc4 57. c6 $18) 55. Bd1 Ne5 56. Kf2 Nf5 57.
Nxe4 Nd7 58. Ba5 Ka6 59. c6 $18 {Schwarz hat jetzt eine hoffnungslose Stellung.
Er kann den letzten weißen Bauern nicht aufhalten.Ribli.} Ne5 60. c7 Kb7 61.
Nc5+ Kc8 62. Be2 {Und Schwarz gab auf, da die Mattdrohung nicht pariert werden
kann. Ribli.} 1-0

[Event "St Petersburg-ch"]
[Site "St Petersburg"]
[Date "1997.03.11"]
[Round "6"]
[White "Yemelin, Vasily"]
[Black "Taimanov, Mark E"]
[Result "1/2-1/2"]
[WhiteElo "2500"]
[BlackElo "2425"]
[Annotator "Ribli,Z"]
[PlyCount "163"]
[EventDate "1997.03.04"]
[EventType "swiss"]
[EventRounds "9"]
[EventCountry "RUS"]
[SourceTitle "CBM 058"]
[Source "ChessBase"]
[SourceDate "1997.06.01"]
[SourceVersion "1"]
[SourceVersionDate "1997.06.01"]
[SourceQuality "1"]

1. e4 c5 2. Nf3 e6 3. d4 cxd4 4. Nxd4 Nc6 5. Nc3 a6 6. Nxc6 {Auf diese Weise
verhindert Weiss die nach 6.Be2 mit 6...Nge7 entstehende Taimanov-Variante.
Ribli.} bxc6 7. Bd3 d5 8. O-O Nf6 9. Re1 Be7 10. e5 Nd7 11. Qg4 g6 12. Bh6 {
Damit verhindert Weiss die schwarze Rochade.Weiss hat die bessere Entwicklung,
aber die Stellung ist geschlossen. Der Faktor der Zeit ist deshaln nicht so
wichtig.Ribli.} Rb8 {Das ist noch eine teoretisch bekannte Stellung, in der
Schwarz seine Gegenchancen in der halboffenen b-Linie hat.Ribli.} (12... Bf8
13. Bxf8 Kxf8 14. Na4 a5 15. b3 Ba6 16. c4 Kg7 17. Rac1 $14 {Arakhamia,
K-Taimanov,M/London Wom-Vet/1996/}) 13. Nd1 $5 $146 {[%cal Gd1b2,Yc2c4] Macht
den Weg frei für den c-Bauer und verteidigt b2.Ribli.} (13. Qh3 Rb4 14. g3 Bf8
15. Bxf8 Kxf8 16. Qh6+ Kg8 $13 {[%cal Yd8f8,Yf7f6] Reichmann-Sinowjew/AUT-chT/
1993/}) (13. Rab1 Rb4 14. Qe2 a5 15. g3 Bg5 16. Bxg5 Qxg5 17. a3 Rb8 18. b4
axb4 19. axb4 O-O $11 {Sokolov,An-Begovac,F/SUI-chT/1996/}) 13... Rb4 $5 14.
Qe2 Bg5 {Früher oder später muß Schwarz diesen störenden Läufer tauschen.Ribli.
} 15. c3 (15. Bxg5 Qxg5 16. Bxa6 Re4 17. Ne3 O-O $132 {[%csl Re5]}) 15... Rb6
16. Bxg5 Qxg5 17. g3 O-O 18. f4 Qe7 19. Nf2 c5 (19... Nc5 20. b4 Nxd3 (20...
Na4 21. Qc2 $18 {[%csl Ra4][%cal Rc2a4]}) 21. Nxd3 $16 {[%csl Rc5][%cal Yd3c5]}
) 20. c4 Bb7 (20... d4 $2 {Es ist nicht logisch die Kontrolle über das Feld e4
aufzugeben.Ribli.} 21. Ne4 (21. Be4 {Mit spaeterem Nd3 ist auch stark.Ribli.}))
21. Qd2 f5 {[%cal Yd5d4] Dadurch wäre das eventuelle d5-d4 nicht so schlecht,
weil der Punkt e4 kontrolliert bleibt.Ribli.} 22. exf6 Qxf6 (22... Rxf6 $2 23.
Ng4 Rf8 $8 24. cxd5 Bxd5 25. Bxg6 hxg6 26. Qxd5 exd5 27. Rxe7 $18) 23. b3 Rd6 {
[%cal Yd5c4,Rd6d3]} 24. Bf1 d4 {Weiss hat die teoretisch bessere
Bauernstellung, weil er nur zwei Bauerninseln hat und Schwarz viele. Aber in
unserer konkreten Stellung hat das keine Bedeutung. Schwarz hat einen sehr
guten Läufer auf b7 und viele taktische Moeglichkeiten.Ribli.} 25. Nd3 Qf5 (
25... g5 $2 {Jetzt bringt dieser Zug nichts ein.Ribli.} 26. fxg5 Qf3 27. Bg2
$18) 26. h4 $5 {[%csl Rg4,Gg5] Verhindert ein später moegliches g6-g5 und
gewinnt Raum am Koenigsfluegel. Außerdem bekommt der König Felder. Aber der
Zug hat auch Nachteile - die Schwächung des Feldes g4.Ribli.} Nf6 27. Re5 Qg4
28. Rg5 Qf3 29. Bg2 Qe3+ $8 (29... Qxg2+ $2 {Diese Variante ist hoffnungslos
fuer Schwarz.Ribli.} 30. Qxg2 Bxg2 31. Kxg2 {[%csl Rc5]} Ne4 32. Re5 $18) 30.
Qxe3 dxe3 31. Bxb7 (31. Nxc5 e2 $1 {[%cal Rd6d1]} 32. Re1 Rd1 33. Bxb7 Rxe1+
34. Kf2 Ra1 35. Kxe2 Rxa2+ $15) 31... Rxd3 32. Re1 (32. Bxa6 $2 e2 33. Re1 Rd1
34. Kf2 Ne4+ 35. Kxe2 Rxe1+ 36. Kxe1 Nxg5 37. hxg5 Ra8 38. Bb5 Rxa2 $17) 32...
Rfd8 33. Bf3 {Weiss muss sich zuerst verteidigen und die Aktivität des
Springers beschränken .Ich habe das Gefühl, in dieser Partie kämpft die
Gegenwart (Schwarz) und die Zukunft (Weiss). Im ganzen Mittelspiel hatte
Schwarz die direkten Drohungen, weil Weiss mehr für die Bauernstruktur und
Endspiel spielt.Ribli.} (33. Bxa6 Ne4 $40) 33... Nd7 {Schwarz muss seinen
c5-Bauern verteidigen.Ribli.} 34. h5 $14 Kg7 35. Re2 $6 {[#]} (35. hxg6 h6 $5 (
35... hxg6 36. Rxg6+ (36. Be4 $18) 36... Kxg6 37. Be4+ Kg7 38. Bxd3 Ne5 39. Be4
$18) 36. Rh5 $14) 35... Rc3 36. Kg2 a5 (36... Rc8 37. Bb7) 37. Bc6 Nf6 38. hxg6
hxg6 39. Kf3 a4 $6 (39... Rd2) 40. Bxa4 Rd2 41. Bc6 Rcc2 42. Re1 (42. Rxe3 Rf2#
$4) 42... Rxa2 43. Rxc5 e2 44. Re5 Rd3+ 45. Re3 (45. Kf2 $2 Ng4+) 45... Rxe3+
46. Kxe3 {Auf ersten Blick es scheint, daß Schwarz eine verlorene Stellung hat,
aber seine Aktivität gibt noch Hoffnungen für remis.Ribli.} Rb2 47. Ba4 Ng4+
48. Kf3 (48. Kd3 Nf2+ 49. Kc3 Nd1+ 50. Kd3 Nf2+ $11) 48... Nh2+ 49. Kg2 Ng4 50.
Kf3 Nh2+ 51. Kg2 Ng4 52. c5 $5 {Naturlich muss Weiß auf Gewinn spielen.Ribli.}
Kf6 53. Kf3 Nh2+ 54. Kg2 Ng4 55. c6 Ke7 56. Kf3 Nh2+ 57. Kf2 Ng4+ 58. Kf3 Nh2+
{Weiss moechte - ich glaube - Bedenkzeit gewinnen mit so viele
Zugwiederholungen, während Schwarz keine Alternative hat.Ribli.} 59. Ke3 Ng4+
60. Kd3 Nf2+ 61. Kc3 Nd1+ 62. Kb4 {Jetzt droht Weiss mit 63.Bb5.Ribli.} (62.
Kc4 Kd6) 62... Ne3 $8 (62... Nf2 63. Bb5) 63. c7 Nd5+ (63... Rc2 64. Rxe2 Nd5+
65. Ka3 (65. Ka5 $5) 65... Rxc7 {Das fuehrt mit Zugumstellung zu unserer
Partie.Ribli.}) 64. Ka3 Rc2 65. Rxe2 Rxc7 {Weiss hat noch ein Bauern mehr,
aber der Läufer steht nicht besonders gut auf a4 und der weiße g-Bauer ist
angreifbar.Ribli.} 66. Re5 $14 Rc3 67. Rg5 Kf7 68. Bb5 (68. Kb2 Re3 {Nach
meiner Meinung ist es schwer sich vorzustellen,wie man weiterkommt.Ribli.})
68... Nf6 69. Kb4 Re3 70. Bc4 Kg7 (70... Ne4 $2 71. Re5 $18) 71. Kc5 (71. Re5
Rxg3 72. Rxe6 Rf3 $11) 71... Nh7 72. Kd4 (72. Re5 $5) 72... Rf3 73. Rc5 (73.
Rg4 Nf6 74. Rg5 Nh7 $11) 73... Rxg3 {Nun, nach 33 Zügen hat Schwarz
materielles Gleichgewicht. Weiss steht noch theoretisch besser, aber der
entfernte b-Bauer ist zu wenig zum Gewinn, weil Schwarz z.B Rettungchancen mit
einem Springeropfer hat.Ribli.} 74. b4 Rf3 75. Rc7+ Kh6 76. b5 Rxf4+ 77. Ke5 (
77. Kc5 $5 {Ich glaube, nach diesem Zug muss Schwarz noch hart ums Remis
kämpfen - wenn es überhaupt möglich ist.Ribli.} Ng5 (77... e5 78. b6 Rf8 79. b7
Rb8 80. Kb6 $18) (77... Nf6 78. b6 Ne4+ 79. Kc6) 78. b6 Ne4+ 79. Kc6) 77...
Rf5+ 78. Kxe6 (78. Kd6 $5) 78... Ng5+ 79. Ke7 Re5+ 80. Kd6 Rf5 81. Bd5 (81. b6
Rf6+ 82. Kc5 Ne4+ 83. Kb5 Nd6+ 84. Ka6 Rf3 $11) 81... Ne4+ 82. Bxe4 {Und remis
gegeben. Natuerlich kann Weiss das Endspiel Turm und Läufer gegen Turm spielen.
(frueher oder spaeter gewinnt er den g-Bauern), und obwohl es praktische
Chancen und viele Fallen gibt, ist dies objektiv Remis.Ribli.} (82. Kc6 Nc3 $11
) 1/2-1/2

[Event "Munich SKA"]
[Site "Munich"]
[Date "1994.05.26"]
[Round "5"]
[White "Ivanchuk, Vassily"]
[Black "Benjamin, Joel"]
[Result "1-0"]
[WhiteElo "2710"]
[BlackElo "2620"]
[Annotator "Ribli,Z"]
[PlyCount "62"]
[EventDate "1994.05.21"]
[EventType "tourn"]
[EventRounds "11"]
[EventCountry "GER"]
[EventCategory "16"]
[SourceTitle "CBM 042"]
[Source "ChessBase"]
[SourceDate "1994.10.01"]
[SourceVersion "1"]
[SourceVersionDate "1994.10.01"]
[SourceQuality "1"]

1. e4 c5 2. Nf3 e6 3. d4 cxd4 4. Nxd4 Nc6 5. Nc3 a6 6. Be3 Nf6 7. Bd3 d5 (7...
Qc7 $5) 8. O-O $5 (8. exd5 exd5 9. O-O Bd6 10. Nxc6 bxc6 11. Bd4 O-O 12. Qf3
Be6 13. Rfe1 c5 14. Bxf6 Qxf6 15. Qxf6 gxf6 $10 {Spassky,B-Fischer,R/Reykjavik
m/1972/}) 8... Be7 (8... Bd6 $5) 9. exd5 exd5 10. Re1 $5 (10. h3 O-O 11. Nce2
Re8 $10 {Jansson,J-Butnorius,A/Oslo-B/1992/EXP28/}) 10... O-O 11. Nxc6 bxc6 12.
Na4 Bg4 (12... Be6 13. Nc5 Qd6 14. h3 Nd7 15. b4 a5 $6 (15... Bf6 $5 16. c3 $14
) 16. Bd4 $1 $16 {Rogulj,B-Kurajica,B/Karlovac/1979/}) 13. Qd2 Nd7 14. c4 $1
Be6 (14... Ne5 15. c5 $16) 15. cxd5 cxd5 16. Bf1 a5 17. a3 Bd6 18. Bd4 Qh4 19.
g3 Qh5 20. Bg2 Rfe8 (20... Bh3 $2 21. Bxh3 Qxh3 22. Qg5 $18) (20... Ne5 21. Nc5
$1 Nf3+ 22. Bxf3 Qxf3 23. Nxe6 fxe6 24. Rxe6 $18) 21. Rac1 Ne5 22. Nb6 Rad8 23.
Qc3 $1 f6 24. f4 Ng4 25. h3 Nh6 26. g4 Bxg4 (26... Qh4 27. Bf2 $18) (26... Qf7
27. f5 $18) 27. hxg4 Nxg4 28. Qh3 $1 Qf5 29. Nxd5 Bxf4 30. Rxe8+ Rxe8 31. Rf1
g5 (31... g5 32. Nxf6+ $18) 1-0

[Event "USA-ch"]
[Site "Key West"]
[Date "1994.??.??"]
[Round "12"]
[White "Ivanov, Alexander"]
[Black "Christiansen, Larry Mark"]
[Result "1/2-1/2"]
[WhiteElo "2575"]
[BlackElo "2575"]
[Annotator "Ribli,Z"]
[PlyCount "82"]
[EventDate "1994.10.??"]
[EventType "tourn"]
[EventRounds "13"]
[EventCountry "USA"]
[EventCategory "13"]
[SourceTitle "CBM 044"]
[Source "ChessBase"]
[SourceDate "1995.02.01"]
[SourceVersion "1"]
[SourceVersionDate "1995.02.01"]
[SourceQuality "1"]

1. e4 c5 2. Nf3 Nc6 3. d4 cxd4 4. Nxd4 e6 5. Nc3 a6 6. g3 Nxd4 7. Qxd4 Ne7 8.
Bf4 (8. Be3 b5 9. Qd2 Nc6 10. f4 Be7 11. Bg2 Bb7 12. O-O Rc8 13. Qf2 Na5 14.
Bd4 O-O $10 {Tiviakov,S-Van Mil,J/Tilburg/1992/CBM32/}) 8... Nc6 (8... Ng6 $6
9. Be3 b5 10. Bg2 Bb7 11. O-O Rc8 12. a4 Rc4 13. Qa7 $16 {Gdanski,
J-Staniszewski,P/POL-ch/1991/EXP22/}) 9. Qd2 b5 10. Bg2 Bb7 11. O-O Be7 (11...
Na5 12. b3 Rc8 13. Ne2 Nc6 14. Rfd1 f6 15. c3 Bc5 16. Be3 Bxe3 17. Qxe3 O-O 18.
Rd2 $14 {Kindermann,S-Wilder,M/Dortmund/1988/CBM07/INF45,205/}) (11... Rc8 $5
12. e5 Bb4 $1 13. Rfd1 Na5 14. Bxb7 Nxb7 15. a4 Bxc3 16. bxc3 Nc5 17. axb5 axb5
18. Qe2 O-O 19. Qxb5 Ne4 20. Rxd7 Qe8 $44 {de Firmian,N-Fedorowicz,J/USA ch/
1985/INF40,208/}) 12. Rfd1 (12. Bd6 Bxd6 13. Qxd6 Qb8 14. Rfd1 Qxd6 15. Rxd6
Ke7 16. Rad1 Rhd8 $14) 12... Na5 13. b3 Rc8 14. Ne2 O-O 15. c3 (15. Qxd7 Rxc2
$10) 15... Bc6 16. Nd4 d6 17. Nc2 (17. Nxc6 Rxc6 18. Rac1 Qc7 $10) 17... Bb7 (
17... e5 18. Be3 Bb7 19. Nb4 $14) 18. Bxd6 Bxd6 19. Qxd6 Qxd6 20. Rxd6 Rxc3 21.
Ne3 Rfc8 22. Rad1 Kf8 23. h4 h5 24. Rd8+ Rxd8 25. Rxd8+ Ke7 26. Rb8 Rc1+ 27.
Kh2 Rc7 $5 (27... Rc8 28. Rxc8 Bxc8 29. e5 Bb7 $10) 28. e5 $5 Bxg2 29. Kxg2 Nc6
30. Rb6 Nxe5 31. Rxa6 Rd7 32. Nf1 Ng4 33. Ra5 b4 34. Ne3 (34. Ra4 Rc7 35. Rxb4
Rc2 $15) 34... Nxe3+ 35. fxe3 Rd2+ 36. Kf3 f5 37. Ra4 Kf6 38. Rxb4 Rxa2 39. e4
g6 40. Rb5 e5 41. Rb6+ Kf7 1/2-1/2

[Event "Veterans-Women"]
[Site "Copenhagen"]
[Date "1997.??.??"]
[Round "6"]
[White "Arakhamia Grant, Ketevan"]
[Black "Portisch, Lajos"]
[Result "1-0"]
[WhiteElo "2430"]
[BlackElo "2610"]
[Annotator "Ribli,Z"]
[PlyCount "93"]
[EventDate "1997.07.23"]
[EventType "schev"]
[EventRounds "10"]
[EventCountry "DEN"]
[SourceTitle "CBM 061"]
[Source "ChessBase"]
[SourceDate "1997.11.23"]
[SourceVersion "1"]
[SourceVersionDate "1997.11.23"]
[SourceQuality "1"]

1. e4 c5 2. Nf3 e6 3. d4 cxd4 4. Nxd4 Nc6 5. Nc3 a6 {Das war die
Lieblingsvariante des ungarischen GM in diesem Turnier. So spielte er gegen
Exweltmeisterin Xie Jun in der 2.Runde, und nach 7.Be2 d6 kam die Scheweninger
Hauptvariante aufs Brett.Ribli.} 6. Nxc6 bxc6 7. Bd3 {Weiß hat
Entwicklungsvorteil, aber Schwarz kann ein solides Zentrum aufbauen.Ribli.} d5
(7... d6 8. O-O Nf6 9. f4 Be7 10. Kh1 d5 11. e5 Nd7 12. Na4 Bb7 13. Be3 c5 14.
b3 O-O 15. c4 d4 16. Bd2 Qc7 17. Qe2 Rae8 18. Rae1 Bc8 19. Nb2 f5 20. exf6 Nxf6
21. Bb1 Bd6 {= Short,N-Andersson,U/Skelleftea 1989 (27)}) 8. O-O Nf6 9. Re1 Bb7
10. Bg5 (10. Bd2 $6 Be7 11. e5 Nd7 12. Qg4 g6 13. Na4 c5 14. b3 Qc7 15. Qg3 c4
16. bxc4 dxc4 17. Bf1 h5 $1 18. Qf4 Rc8 {1/2-1/2 Adams,M-Morovic Fernandez,I/
Las Palmas 1994 (51)}) (10. e5 Nd7 11. Na4 Qc7 12. Bf4 c5 13. c4 dxc4 14. Be4
Be7 15. Rc1 O-O 16. Rxc4 Bxe4 17. Rcxe4 Rfd8 18. Qc2 Nb6 19. Nxb6 Qxb6 20. Be3
Qa5 21. Ra1 Rd5 22. h3 Rad8 23. Rc1 h6 24. b3 Qb5 $10 {= Adams,M-Andersson,U/
Cannes 1989}) 10... Be7 (10... h6 11. Bh4 Be7 12. Bxf6 Bxf6 13. e5 Bg5 14. Na4
Qa5 15. c3 c5 16. b4 cxb4 17. cxb4 Qc7 18. Qg4 O-O 19. h4 Bd8 20. Rac1 Qe7 21.
Nc5 Bc8 22. g3 Bb6 23. Qe2 f6 {1/2-1/2 Robak,Z-Nowak,I/POL-chT Lubniewice 1994}
) 11. e5 Nd7 12. Bxe7 Qxe7 $11 {Schwarz hat keine Eröffnungsprobleme, in der
Mitte ist er mit einer starken Bauernmasse präsent. Weiß hat Raumvorteil, und
der Bb7 steht noch nicht gut. Später kann Schwarz seine Zentrumsbauern jedoch
mobilisieren.} 13. Qh5 (13. Qg4 O-O 14. Na4 f5 15. exf6 Rxf6 16. c4 Raf8 17.
Rac1 Qd6 18. c5 Qe7 19. f4 Bc8 20. b3 {Hazai,L-Suetin,A/Leipzig 1986/EXT 86/
1-0 (51)}) (13. Na4 O-O 14. f4 (14. Re3 f5 15. f4 Kh8 16. Rg3 Rg8 17. Qd2 c5
18. c4 d4 19. b4 cxb4 20. Bf1 Bc6 21. Nb2 Nc5 {0-1 Kummerow,H-Mainka,R/
Recklinghausen 1997 (32)}) 14... f5 15. c4 c5 16. cxd5 Bxd5 17. Qe2 Bc6 18. Nc3
Bb7 19. Rad1 Nb6 20. Bc4 Nxc4 21. Qxc4 Rfd8 22. Rd6 Rxd6 23. exd6 Qxd6 24.
Qxe6+ Qxe6 25. Rxe6 Rd8 {Todorovic,G-Ristic,V/JUG-chT Cetinje 1990/EXT 90ch/1/
2-1/2 (78)}) 13... c5 (13... g6 14. Qh6 O-O-O $5) 14. b3 {Ein guter
positioneller Zug - Weiß bereitet den Plan Na4-c4 vor. Später kann der
Springer eventuell über b2 das Blockadefeld d3 einnehmen.} h6 {Schwarz
verliert ein Tempo, aber dieser Zeitverlust ist in geschlossenen Stellungen
wie dieser nicht von großer Bedeutung.} 15. f4 g6 {Schwarz verhindert den
Bauernvorstoß 16.f5 und macht Platz für den König auf g7.Ribli.} 16. Qh3 h5 17.
Nd1 {Weiß bereitet den Zug 18.c4 vor.} (17. g4 $6 O-O-O 18. g5 Kb8 $11) (17.
Na4 Bc6) 17... Kf8 18. c4 {Früher oder später muß Schwarz sich entscheiden.
Wenn er d5-d4 zieht, kann Weiß mit Be4 und Nf2-d3 eine schöne Blockadestellung
aufbauen. Hält er die Spannung aufrecht, droht sein c-Bauer nach cxd5 schwach
zu werden.} Nb6 19. Nf2 Rd8 $6 {Eine vor dem Hintergrund des 22. Zuges von
Schwarz etwas seltsame Entscheidung.} (19... Kg7 $11) 20. Rab1 Kg7 21. Qe3 {
[%csl Rc5] Weiß provoziert den Zug d5-d4.} Qc7 22. Bf1 Ra8 {[%cal Ga6a4,Ga8a6]
Schwarz bereitet a5-a4 mit aktivem Gegenspiel am Damenflügel vor.} 23. Rec1 d4
(23... Rhc8 24. cxd5 exd5 25. b4 $14) 24. Qd2 a5 {[%csl Gb7] In dieser eher
geschlossenen Stellung hat Schwarz gutes Spiel. Sein Läufer steht stark auf
der Diagonalen, und seine Stellung ist solide. Andererseits muß er vorsichtig
sein, weil Weiß a5-a4 immer mit b3-b4 beantworten und so Komplikationen
herbeiführen kann.} 25. Bd3 Nc8 {[%cal Gc8e7,Ge7f5,Gf5e3]} 26. a3 Ne7 27. b4
$13 (27. Be4 Bxe4 28. Nxe4 Nf5) 27... axb4 28. axb4 Ra7 (28... cxb4 29. Qxb4
Rhb8 30. Qd6 $14) 29. Ne4 Bxe4 30. Bxe4 Rb8 31. b5 (31. bxc5 Rxb1 32. Rxb1 Qxc5
$11) 31... Nc8 {[%csl Ge4]} 32. Ra1 Rxa1 33. Rxa1 Nb6 $11 {Weiß hat einen
starken Be4 und die a-Linie, aber der schwarze Nb6 ist eine starke
Blockadefigur.} 34. Qd3 h4 $6 {Dieser Zug gefällt mir nicht. Meiner Meinung
nach täte Schwarz besser daran, die Bauern am Königsflügel an ihrem Platz zu
lassen.} 35. Ra6 g5 $6 {Konsequent aber nicht gut!} 36. Qe2 $1 {[%csl Ge2,Ge4,
Rg7][%cal Re2h5] Plötzlich hat Weiß direkten Angriff auf den schwarzen König.}
Kf8 (36... gxf4 37. Qg4+ Kf8 38. Qxf4 Nxc4 39. Qh6+ Ke7 40. Rxe6+ fxe6 41. Qg7+
Kd8 42. Qf8+ Kd7 43. Bc6+ $18) 37. Qh5 gxf4 (37... Nxc4 38. Qh6+ Ke7 39. Rxe6+
fxe6 40. Qg7+ Kd8 41. Qf8+ Kd7 42. Bc6+ $18) 38. Qh8+ $16 Ke7 39. Qxh4+ Ke8 40.
Qh8+ Ke7 41. Qf6+ Kf8 42. Qxf4 {Die Zeitnotphase ist vorbei. Weiß hat einen
Mehrbauern und eine gute Angriffsstellung.} d3 {Schwarz gibt diesen zweiten
Bauern für etwas Aktivität.} (42... Nxc4 {Der schwarze Springer muß auf b6
bleiben:} 43. Rxe6 $18 {[%csl Rf8]}) (42... Rd8 43. Bd3 $16 (43. Qh6+ Ke7 44.
Qf6+ Kf8 45. Ra7 Qxa7 46. Qxd8+ Kg7 47. Qf6+ Kf8 48. Bd3)) 43. Bxd3 Rd8 44. Be2
Rd4 45. Qh6+ $18 Ke8 (45... Ke7 46. Qf6+ Kf8 47. Bh5 {[%csl Rf7,Rf8]} Rxc4 48.
Rxb6 $18) 46. Qh8+ Kd7 47. Qf8 {[%csl Rd7,Rf7] Und Schwarz gab in
hoffnungsloser Stellung auf.Ribli.} 1-0